00525nam a2200169 a 450008200150000010000240001524500350003926000390007430000090011350000350012250500240015765000240018170000240020594200070022995201040023699900150034000a230.3bHAR aHarrison, F Everett aBaker`s Dictionary of Theology aLondonbPickering and Inglisc1960 a566p aincludes index and biblioraphy2 aIndex, Bibliography aTheology-Dictionary1 aHarrison, F Everett cBK 001040708REFaHMIbHMIcREFd2007-06-14g25.00l0o230.3 HARp02847r2007-06-14w2026-01-16yBK c2003d2003